| 000 | 00415nam a2200169Ia 4500 | ||
|---|---|---|---|
| 005 | 20240731071544.0 | ||
| 008 | 240331s9999 xx 000 0 und d | ||
| 082 |
_a291.5 _bOBY |
||
| 100 | _aObeyesekere, G | ||
| 245 | 2 | _aA maditation on conscience | |
| 260 |
_aColombo _bSocial Scientist Association _c1988 |
||
| 300 | _a59 p ., ( c 2) | ||
| 650 | _aScience | ||
| 650 | _aSocial | ||
| 650 | _aSociety | ||
| 942 | _cL | ||
| 999 |
_c869 _d869 |
||